South Eastern Kenya University

Library Online Public Access Catalogue


The how and why of mechanical movements; (Record no. 13026)

MARC details
000 -LEADER
fixed length control field 00668nam a2200193 4500
001 - CONTROL NUMBER
control field 2649453
003 - CONTROL NUMBER IDENTIFIER
control field OSt
005 - DATE AND TIME OF LATEST TRANSACTION
control field 20160426094822.0
008 - FIXED-LENGTH DATA ELEMENTS--GENERAL INFORMATION
fixed length control field 691009s1968 nyua 001 0 eng
010 ## - LIBRARY OF CONGRESS CONTROL NUMBER
LC control number 68031227
040 ## - CATALOGING SOURCE
Original cataloging agency SEKU
050 00 - LIBRARY OF CONGRESS CALL NUMBER
Classification number TJ 146
Item number .W34
100 1# - MAIN ENTRY--PERSONAL NAME
Personal name Walton, Harry.
245 14 - TITLE STATEMENT
Title The how and why of mechanical movements;
Remainder of title exactly how machines work: engines, turbines, transmissions, brakes, clutches, rockets, atomic generators, gyroscopes, guidance systems.
Statement of responsibility, etc. Illustrated by Ray Pioch.
260 ## - PUBLICATION, DISTRIBUTION, ETC. (IMPRINT)
Place of publication, distribution, etc. New York,
Name of publisher, distributor, etc. Popular Science Pub. Co.
Date of publication, distribution, etc. [1968]
300 ## - PHYSICAL DESCRIPTION
Extent 297 p.
Other physical details illus. (part col.)
Dimensions 26 cm.
650 #0 - SUBJECT ADDED ENTRY--TOPICAL TERM
Topical term or geographic name as entry element Machinery.
942 ## - ADDED ENTRY ELEMENTS (KOHA)
Source of classification or shelving scheme Library of Congress Classification
Koha item type General circulation
Holdings
Withdrawn status Lost status Source of classification or shelving scheme Damaged status Not for loan Home library Current library Shelving location Date acquired Source of acquisition Total Checkouts Full call number Barcode Date last seen Price effective from Koha item type Public note
    Library of Congress Classification     Main Campus Library Main Campus Library General Stacks 26/04/2016 Donation-Books for Africa   TJ 146 .W34 2016/016758 26/04/2016 26/04/2016 General circulation TNY
Kitui, Kenya.
+254736116989
library@seku.ac.ke